<?xml version="1.0" encoding="UTF-8"?><?xml-stylesheet type="text/xsl" href="static/style.xsl"?><OAI-PMH xmlns="http://www.openarchives.org/OAI/2.0/" xmlns:xsi="http://www.w3.org/2001/XMLSchema-instance" xsi:schemaLocation="http://www.openarchives.org/OAI/2.0/ http://www.openarchives.org/OAI/2.0/OAI-PMH.xsd"><responseDate>2026-04-17T14:07:28Z</responseDate><request verb="GetRecord" identifier="oai:www.recercat.cat:20.500.12328/4542" metadataPrefix="marc">https://recercat.cat/oai/request</request><GetRecord><record><header><identifier>oai:recercat.cat:20.500.12328/4542</identifier><datestamp>2025-05-16T12:59:29Z</datestamp><setSpec>com_2072_67741</setSpec><setSpec>col_2072_484352</setSpec></header><metadata><record xmlns="http://www.loc.gov/MARC21/slim" xmlns:dcterms="http://purl.org/dc/terms/" xmlns:xsi="http://www.w3.org/2001/XMLSchema-instance" xmlns:doc="http://www.lyncode.com/xoai" xsi:schemaLocation="http://www.loc.gov/MARC21/slim http://www.loc.gov/standards/marcxml/schema/MARC21slim.xsd">
   <leader>00925njm 22002777a 4500</leader>
   <datafield ind2=" " ind1=" " tag="042">
      <subfield code="a">dc</subfield>
   </datafield>
   <datafield ind2=" " ind1=" " tag="720">
      <subfield code="a">de Tapia, Beatriz</subfield>
      <subfield code="e">author</subfield>
   </datafield>
   <datafield ind2=" " ind1=" " tag="720">
      <subfield code="a">Mozas, Carla</subfield>
      <subfield code="e">author</subfield>
   </datafield>
   <datafield ind2=" " ind1=" " tag="720">
      <subfield code="a">Valles, Cristina</subfield>
      <subfield code="e">author</subfield>
   </datafield>
   <datafield ind2=" " ind1=" " tag="720">
      <subfield code="a">Nart, José</subfield>
      <subfield code="e">author</subfield>
   </datafield>
   <datafield ind2=" " ind1=" " tag="720">
      <subfield code="a">Sanz, Mariano</subfield>
      <subfield code="e">author</subfield>
   </datafield>
   <datafield ind2=" " ind1=" " tag="720">
      <subfield code="a">Herrera, David</subfield>
      <subfield code="e">author</subfield>
   </datafield>
   <datafield ind2=" " ind1=" " tag="260">
      <subfield code="c">2019</subfield>
   </datafield>
   <datafield ind2=" " ind1=" " tag="520">
      <subfield code="a">Aim: To evaluate the adjunctive effect of modifying the implant-supported prosthesis to facilitate access to oral hygiene when treating peri-implant mucositis. Material and methods: A 6-month randomized clinical trial was designed. Patients with peri-implant mucositis were treated by implant surface debridement with plastic curettes and a plastic tipped ultrasonic device. Then, they were randomly assigned to either modifying their prosthesis to allow for better oral hygiene (test group) or not (control group). Subsequently in both groups, individualized oral hygiene instructions were provided. Clinical and radiographical outcomes were evaluated at baseline and 1, 3 and 6 months after treatment. Results: 48 patients were included, and 45 completed the clinical trial (24 test and 21 control patients). After 6 months, changes in the modified bleeding index between the control and test groups were 0.50 (standard deviation −SD = 0.70) and 1.14 (SD = 0.96), respectively (p = 0.01). The changes in implant probing pocket depth at 6 months were −0.02 (SD = 0.61) and 0.31 (SD = 1.20) mm, respectively (p = 0.04). Conclusions: Modifying the contour of the prostheses to improve access for oral hygiene significantly improved the clinical outcomes after standard mechanical treatment of peri-implant mucositis.</subfield>
   </datafield>
   <datafield ind1="8" ind2=" " tag="024">
      <subfield code="a">de Tapia, Beatriz; Mozas, Carla; Valles, Cristina [et al.]. Adjunctive effect of modifying the implant-supported prosthesis in the treatment of peri-implant mucositis. Journal of Clinical Periodontology, 2019, 46(10), p. 1050-1060. Disponible en: &lt;https://onlinelibrary.wiley.com/doi/10.1111/jcpe.13169>. Fecha de acceso: 16 ene. 2025. DOI: 10.1111/jcpe.13169</subfield>
   </datafield>
   <datafield ind1="8" ind2=" " tag="024">
      <subfield code="a">0303-6979</subfield>
   </datafield>
   <datafield ind1="8" ind2=" " tag="024">
      <subfield code="a">http://hdl.handle.net/20.500.12328/4542</subfield>
   </datafield>
   <datafield ind1="8" ind2=" " tag="024">
      <subfield code="a">https://dx.doi.org/10.1111/jcpe.13169</subfield>
   </datafield>
   <datafield tag="653" ind2=" " ind1=" ">
      <subfield code="a">Implants dentals</subfield>
   </datafield>
   <datafield tag="653" ind2=" " ind1=" ">
      <subfield code="a">Implantes dentales</subfield>
   </datafield>
   <datafield tag="653" ind2=" " ind1=" ">
      <subfield code="a">Dental implants</subfield>
   </datafield>
   <datafield ind2="0" ind1="0" tag="245">
      <subfield code="a">Adjunctive effect of modifying the implant-supported prosthesis in the treatment of peri-implant mucositis</subfield>
   </datafield>
</record></metadata></record></GetRecord></OAI-PMH>